15 Most Famous Cities in Madagascar on a Map - Statistics

General Stats
  • This quiz has been taken 81 times
  • The average score is 6 of 14
Answers on the Map
Answers color-coded by a green-red scale on the quiz's map according to % correct below.
 
Answer Stats
Wiki Monthly Views Cityquiz Mention Rate Population Answers % Correct
49.05K 38.02% 1274.22K Antananarivo
98%
5.88K 1.98% 325.86K Toamasina
69%
3.49K 1.31% 246.35K Antsirabe
60%
3.54K 1.38% 168.76K Toliara
58%
2.51K 0.97% 191.78K Fianarantsoa
56%
5.08K 0.92% 129.32K Antsiranana
55%
4.04K 1.41% 246.02K Mahajangā
48%
9.61K 0.09% 50.25K Nosy Be/Andoany
42%
1.84K 0.42% 53.51K Morondava
34%
2.17K 0.05% 67.28K Tôlanaro
29%
11.41K 0.01% 26.82K Nosy Boraha/Ambodifototra
27%
0.93K 0.22% 84.04K Sambava
26%
0.94K 0.46% 44.24K Manakara
18%
0.73K 0.12% 41.08K Ambositra
16%
No matching quizzes found
Score Distribution
Percent of People with Each Score
Percentile by Number Answered
Your Score History
You have not taken this quiz